01308cam a2200325 a 45000010009000000050017000090080041000260100017000670200018000840400013001020420008001150500022001231000022001452450134001672500017003012600049003183000064003675000020004316500046004516500059004976500056005566500059006126500052006717000018007237000018007419060045007599420034008049990017008389520127008551681073220230725154350.0110604s2011 njua p 001 0 eng  a 2011414416 a9780558823870 aDLCcDLC apcc00aR 130.3 .C65 20111 aColbert, Bruce J.10aAnatomy, physiology, and disease :ban interactive journey for health professions /cBruce J. Colbert, Jeff Ankney, Karen T. Lee. aRev. 1st ed. aUpper Saddle River, N.J. :bPearson,cc2011. axxxv, 850 p. :bcol. ill. ;c28 cm. +e2 CD-ROM (4 3/4 in.) aIncludes index. 0aMedical sciencesvProgrammed instruction. 0aMedical sciencesxTerminologyvProgrammed instruction. 0aHuman anatomyxTerminologyvProgrammed instruction. 0aHuman physiologyxTerminologyvProgrammed instruction. 0aPathologyxTerminologyvProgrammed instruction.1 aAnkney, Jeff.1 aLee, Karen J. a7bcbccorigcopd2encipf20gy-gencatlg 2lcccBOOKShR 130.3 .C65 2011 c31739d31739 00102lcc4070aMUCbMUCcGENd2023-07-25eDonation (kimanzi)l0oR 130.3 .C65 2011p39542r2023-07-25w2023-07-25yBOOKS